<?xml version="1.0" encoding="UTF-8"?><?xml-stylesheet type="text/xsl" href="static/style.xsl"?><OAI-PMH xmlns="http://www.openarchives.org/OAI/2.0/" xmlns:xsi="http://www.w3.org/2001/XMLSchema-instance" xsi:schemaLocation="http://www.openarchives.org/OAI/2.0/ http://www.openarchives.org/OAI/2.0/OAI-PMH.xsd"><responseDate>2026-04-28T19:52:43Z</responseDate><request verb="GetRecord" identifier="oai:uvadoc.uva.es:10324/43468" metadataPrefix="marc">https://uvadoc.uva.es/oai/request</request><GetRecord><record><header><identifier>oai:uvadoc.uva.es:10324/43468</identifier><datestamp>2021-06-23T11:14:41Z</datestamp><setSpec>com_10324_1164</setSpec><setSpec>com_10324_931</setSpec><setSpec>com_10324_894</setSpec><setSpec>col_10324_1330</setSpec></header><metadata><record xmlns="http://www.loc.gov/MARC21/slim" xmlns:doc="http://www.lyncode.com/xoai" xmlns:xsi="http://www.w3.org/2001/XMLSchema-instance" xmlns:dcterms="http://purl.org/dc/terms/" xsi:schemaLocation="http://www.loc.gov/MARC21/slim http://www.loc.gov/standards/marcxml/schema/MARC21slim.xsd">
<leader>00925njm 22002777a 4500</leader>
<datafield tag="042" ind1=" " ind2=" ">
<subfield code="a">dc</subfield>
</datafield>
<datafield tag="720" ind1=" " ind2=" ">
<subfield code="a">Carrasco Martínez, Adolfo</subfield>
<subfield code="e">author</subfield>
</datafield>
<datafield tag="260" ind1=" " ind2=" ">
<subfield code="c">2000</subfield>
</datafield>
<datafield tag="520" ind1=" " ind2=" ">
<subfield code="a">Es reseña de: USUNÁRIZ GARAYOA, Jesús M.ª, Nobleza y señoríos en la Navarra Moderna. Entre&#xd;
la solvencia y la crisis económica. Pamplona, Ediciones de la Universidad de Navarra, 1997, 347 págs. ISBN: 84-313-1563-6.</subfield>
</datafield>
<datafield tag="024" ind2=" " ind1="8">
<subfield code="a">Hispania. Revista Española de Historia, Vol. 60,  núm. 206, 2000,  págs. 1135-1137</subfield>
</datafield>
<datafield tag="024" ind2=" " ind1="8">
<subfield code="a">0018-2141</subfield>
</datafield>
<datafield tag="024" ind2=" " ind1="8">
<subfield code="a">http://uvadoc.uva.es/handle/10324/43468</subfield>
</datafield>
<datafield tag="024" ind2=" " ind1="8">
<subfield code="a">1135</subfield>
</datafield>
<datafield tag="024" ind2=" " ind1="8">
<subfield code="a">206</subfield>
</datafield>
<datafield tag="024" ind2=" " ind1="8">
<subfield code="a">1137</subfield>
</datafield>
<datafield tag="024" ind2=" " ind1="8">
<subfield code="a">Hispania.</subfield>
</datafield>
<datafield tag="024" ind2=" " ind1="8">
<subfield code="a">60</subfield>
</datafield>
<datafield tag="245" ind1="0" ind2="0">
<subfield code="a">Usunáriz Garayoa, Jesús M.ª: Nobleza y señoríos en la Navarra Moderna. Entre la solvencia y la crisis económica</subfield>
</datafield>
</record></metadata></record></GetRecord></OAI-PMH>